000
00309nam a2200109Ia 4500
008
220214s9999 xx 000 0 und d
100
_a
jacob KT
245
0
_a
Plannting materials and planting
260
_b
All India Rubber Planters' Conference,27 December 1966, Mundakayam
_c
1966
300
_a
9p
942
_c
RE
999
_c
46424
_d
46424